| 000 | 00462nam a2200181 a 4500 | ||
|---|---|---|---|
| 001 | 3395 | ||
| 005 | 20140414131901.0 | ||
| 008 | 040715s19uu xx 00 eng d | ||
| 020 | _a | ||
| 050 |
_aFIC _bC67 2002 |
||
| 100 | _aCole, Joanna | ||
| 245 |
_aMagic school bus (The) : to the rescue : _bForest fire. |
||
| 260 |
_aNew York: _bScholastic, _c2002. |
||
| 300 | _a | ||
| 650 |
_aForest fire _xFiction. |
||
| 650 | _aChildren stories. | ||
| 999 |
_c110668 _d110668 |
||